| 000 | 01750nam0a2200349 4500 | ||
|---|---|---|---|
| 001 | RU\NLR\b_ik\115907 | ||
| 005 | 20250616225429.0 | ||
| 035 | _a(NLR Aleph) 002189541 | ||
| 090 |
_a2893084 _c2893084 |
||
| 100 | _a20040818d2004 |||y0rusy50 ca | ||
| 101 | 0 |
_aeng _drus |
|
| 102 | _aRU | ||
| 105 | _aa ||||||||| | ||
| 200 | 1 |
_aMid-infrared fibers, variants for mode's filtrations _fV. Artjushenko, O. Wallner, T. Tulaikova, K. Kravtsov |
|
| 210 |
_aM. _cИн-т проблем механики РАН _d2004 |
||
| 215 |
_a20 с. _cил. _d21 |
||
| 225 | 1 |
_aPreprint _fInst. for problems in mechanics, Russ. acad. of sciences _vN 749 |
|
| 300 | _aНа 3-й с. обл.: Инфракрасные оптические волокна, варианты фильтрации оптических мод / Вячеслав Григорьевич Артюшенко и др. | ||
| 300 | _aРез. на рус. яз. | ||
| 320 | _aБиблиогр.: с. 16 (7 назв.) | ||
| 517 | 0 | _aИнфракрасные оптические волокна, варианты фильтрации оптических мод | |
| 606 | 0 |
_aВолоконные световоды инфракрасного диапазона _xТеория _92344707 _3RU\NLR\AUTH\661401245 |
|
| 606 | 0 |
_aСветовые волны _xЗатухание в световодах _91606543 _3RU\NLR\AUTH\661005946 |
|
| 686 | 4 | _aЗ845.79-01 | |
| 701 | 1 |
_aArtjušenko _bV. G. _gVjaceslav Grigor'evič _4070 |
|
| 701 | 1 |
_aWallner _bO. _gОсвальд _4070 |
|
| 701 | 1 |
_aKravcov _bK. S. _gKonstantin Sergeevič _4070 |
|
| 701 | 1 |
_aTulajkova _bT. V. _gTamara Viktorovna _4070 |
|
| 801 | 0 |
_aRU _bNLR _c20040818 _gPSBO |
|
| 942 | _cBOOK | ||
| 980 | _aNB | ||